| 000 | 00762nam a2200241 a 4500 | ||
|---|---|---|---|
| 001 | 65695 | ||
| 003 | BR-RjUL | ||
| 005 | 20211209081443.0 | ||
| 008 | 170309s1974 ii ab b 001 0 eng d | ||
| 035 | _a(BR-RjUL)65825 | ||
| 040 |
_aCUS _cCUS _dBR-RjUL _beng |
||
| 041 | _aeng | ||
| 082 |
_223 _a370.954 _bBAH 1974 |
||
| 090 |
_aLA1154.B4 _bB37 1974 |
||
| 100 | 1 |
_aBasak, N. L. _9194309 |
|
| 245 | 1 | 0 |
_aHistory of vernacular education in Bengal, 1800-1854 : _ba review of the early trends and experiments / _cN. L. Basak |
| 250 | _a1st ed. | ||
| 260 |
_aCalcutta : _bHrishikes Barik, _c1974 |
||
| 300 |
_axv, 445 p. : _bill. ; _c22 cm |
||
| 504 | _aIncludes bibliographical references and index | ||
| 650 | 0 |
_aEducation _zIndia _zBengal _9194310 |
|
| 942 |
_2ddc _cBK |
||
| 999 |
_c65695 _d65695 |
||